Normal view
MARC view
- Duque García, Carlos Alberto
Entry Nombre Personal
001 - NUMERO DE CONTROL
- campo de control: 58127
003 - IDENTIFICADOR DE NUMERO DE CONTROL
- campo de control: MX-MxUPN
005 - FECHA Y HORA DE LA ÜLTIMA TRANSACCIÓN
- campo de control: 20251007112021.0
008 - DATOS DE LONGITUD FIJA
- campo de control de longitud fija: 251007nn acnnnaabn n aaa d
024 7# - OTROS IDENTIFICADORES NORMALIZADOS
- Fuente: orcid
- Número normalizado o código: https://orcid.org/0000-0002-5740-7990
040 ## - FUENTE DE CATALOGACIÓN
- Agencia original de catalogación: MX-MxUPN
- Lenguaje de catalogación: spa
100 1# - ENCABEZAMIENTO - NOMBRE PERSONAL
- Nombre personal: Duque García, Carlos Alberto
370 ## - LUGAR ASOCIADO
- Associated country: México
371 ## - DIRECCIÓN
- Electronic mail address: cadg@azc.uam.mx
372 ## - CAMPO DE ACTIVIDAD
- Field of activity: Economía
373 ## - GRUPO ASOCIADO
- Associated group: Universidad Autónoma Metropolitana, Unidad Azcapotzalco
374 ## - OCUPACIÓN
- Occupation: Docencia e investigación universitaria
377 ## - LENGUA ASOCIADA
- Language code: spa
670 ## - FUENTE EN LA QUE SE LOCALIZARON DATOS
- Cita de la fuente: En recurso en línea: Problemas del desarrollo, Vol. 56, no. 221 (2025)
- Información localizada: (Carlos Alberto Duque García)
- Uniform Resource Identifier: https://www.probdes.iiec.unam.mx/index.php/pde/article/view/70267/63025
902 ## - CATALOGADOR
- Catalogador: Leonor Sotres/071025
